| 000 | 00403nam a22001217a 4500 | ||
|---|---|---|---|
| 999 |
_c15210 _d15210 |
||
| 008 | 200305b ||||| |||| 00| 0 eng d | ||
| 100 |
_941990 _aLlemit, Ralph Lawrence G. |
||
| 245 |
_acity hall employee has mental illness?/ _cRalph Lawrence G. Llemit. |
||
| 260 |
_aDavao City, Philippines; _bSunstar Davao, _c©2019. |
||
| 300 |
_apage 4; _c29.5cm. |
||
| 650 |
_aMental Illness. _941991 |
||
| 942 |
_2ddc _cPER |
||